000 00688nam a2200217Ia 4500
003 IN-BaIIA
008 211028s9999 xx 000 0 eng d
040 _cIIA Library
080 _a084.4:523.64
_bDON
100 _aDonn, Bertram
_97441
245 0 _aAtlas of comet Halley 1910 II
_cBertram Donn
260 _aWashington
_bNational Aeronautics and Space Administration
_c1986
300 _axi, 600p.
490 _aNASA SP-488
650 _aAstronomy and Astrophysics Thesaurus
650 _aAtlas-Comets
_97439
650 _aComet Halley atlas
_915967
700 _aBrandt, John C.
_94599
700 _aRahe, Jurgen
_97438
942 _cBK
999 _c9479
_d9479